000 00812nam a22001937a 4500
999 _c11151
_d11151
003 AR-CdUCM
008 190403b ||||| |||| 00| 0 spa d
040 _aMUNICIPALIDAD PROVINCIAL DEL CUSCO
_cBIBLIOTECA MUNICIPAL DEL CUSCO
082 _aEP / 373.1 /
_bM61
110 _aMinisterio de educación.
_97870
245 _aGuía de matemática :
_bCuaderno de trabajo 1 /
260 _aPerú :
_bMinisterio de educación,
_c1994.
300 _a73 paginas
_c30 cm.
505 _aContenido :Exploración y organización del espacio -- Clasificación y relaciones lógicas entre los objetos -- Numero y numeración -- Comparación de números -- Adición de números naturales ...
650 _aEducación primaria
_91561
650 _aCiencias aplicadas
_920077
942 _2ddc
_cLIBROS
945 _arum
_d2019-04-05